| 000 | 00923nam a2200265Ia 4500 | ||
|---|---|---|---|
| 003 | OSt | ||
| 005 | 20221005084047.0 | ||
| 006 | a|||||r|||| 00| 0 | ||
| 007 | ta | ||
| 008 | 221004b |||||||| |||| 00| 0 eng d | ||
| 020 |
_a080585262X _c3587.84 |
||
| 024 | _a98910 | ||
| 037 |
_b8824, 31/08/2009, Elite Publishers Distributors _cTextual |
||
| 040 |
_aCRL _cCRL _beng |
||
| 041 |
_2eng _aeng |
||
| 082 | _aP:(S:4), P7 | ||
| 100 |
_aSchmalhofer Franz Ed. _9613042 |
||
| 245 | 0 |
_aHigher level language process in the brain _b Inference and comprehension processes |
|
| 260 |
_aNew Jersey _bLawrence Erlbaum Associates Publisher USA _c2007 |
||
| 300 |
_a413p. _ccm. |
||
| 650 | _aLINGUISTICS | ||
| 700 |
_a Perfetti Charles A. Ed. _9613043 |
||
| 942 |
_hP:(S:4), P7 _cTEXL _2cc |
||
| 999 |
_c991988 _d991988 |
||